| 000 | 00922nac a22002291u 4500 | ||
|---|---|---|---|
| 008 | 110517s1989 enk|||||r|||| 001 0 eng d | ||
| 010 | _a 88030220 | ||
| 020 | _a0750619643 | ||
| 020 | _a9780750619646 | ||
| 082 | 0 | 0 |
_a624 _bCIV _222 |
| 100 |
_a20080729 _923893 |
||
| 245 | 0 | 0 |
_aCivil Engineer's Reference Book / _cEdited by L.S. Blake ; with specialist contributors. |
| 250 | _a4th ed. | ||
| 260 |
_aLondon ; _aBoston : _bButterworths,1989 _c1989. |
||
| 300 |
_a1 v. (various pagings) : _bill. ; _c26 cm. |
||
| 504 | _aIncludes bibliographies and index. | ||
| 650 | 0 |
_aCivil engineering _xHandbooks, manuals, etc. _923894 |
|
| 653 | _bCiv | ||
| 700 | 1 |
_aBlake, L. S. _q(Leslie Spencer), _d1925- _923895 |
|
| 942 |
_cREFERENCE _k624 BLA _2ddc |
||
| 999 |
_c5833 _d5833 |
||